| 000 | 00690nam a22001937a 4500 | ||
|---|---|---|---|
| 005 | 20241005062523.0 | ||
| 999 |
_c18602 _d18602 |
||
| 008 | 231213b ||||| |||| 00| 0 eng d | ||
| 020 | _a9781984635594 | ||
| 082 |
_22020 _aDC 333.7 _bT413 |
||
| 100 |
_a3G E-Learning. _933638 |
||
| 245 |
_a3GE collection on environmental science : _benvironmental change and sustainability / _c3G E-Learning |
||
| 260 |
_aNew York : _b3G E-Learning LLC, _c©2020. |
||
| 300 |
_axii, 262 pages : _bcolor illustrations ; _c26 cm. |
||
| 500 | _aIncludes references and index. | ||
| 650 |
_aEnvironmental change. _950525 |
||
| 650 |
_aEnvironment _xEconomic aspects. _950526 |
||
| 710 |
_a3G E-Learning. _933638 |
||
| 942 |
_2ddc _cDC |
||